| 000 | 00343nam a2200133Ia 4500 | ||
|---|---|---|---|
| 005 | 20260328104314.0 | ||
| 008 | 260328s9999||||xx |||||||||||||| ||und|| | ||
| 100 | _aMartínez Alonso, Claudia | ||
| 245 | 0 |
_aSmall Lofts / _cClaudia Martínez Alonso |
|
| 260 | _bKönemann | ||
| 300 | _a322 p. | ||
| 650 | _aARQUITECTURA INTERIOR | ||
| 942 | _cBK | ||
| 999 |
_c11076 _d11076 |
||